| 000 | 00874nam a2200253 i 4500 | ||
|---|---|---|---|
| 001 | 34692 | ||
| 003 | ES-MaACL | ||
| 005 | 20240419155418.0 | ||
| 007 | t| | ||
| 008 | 030207s1975 sp af |||| | spa d | ||
| 080 | _a325.3(38)(091) | ||
| 080 | _a339.5(38)(091) | ||
| 100 | 1 |
_aBoardman, John. _929630 |
|
| 245 | 1 | 4 |
_aLos griegos en ultramar _b: comercio y expansión colonial antes de la era clásica / _cJohn Boardman ; versión Antonio Escohotado ; revisión, Marisa Balseiro. |
| 260 |
_a[Madrid] : _bAlianza, _c[1975] |
||
| 300 |
_a277 p., 24 lám. : _bil. ; _c20 cm. |
||
| 490 | 1 |
_aAlianza universidad ; _v140 |
|
| 651 |
_aGrecia- _xColonias. _9172151 |
||
| 700 | 1 |
_aEscohotado, Antonio, _d1941-2021 _947583 |
|
| 700 | 1 |
_aBalseiro, María Luisa. _925113 |
|
| 830 | 0 |
_aAlianza universidad ; _v140 _9177276 |
|
| 852 |
_aES-MaACL _jA-6366 |
||
| 999 |
_c34692 _d34692 |
||